Groups of Three Quiz Stats

 Plays Quiz Updated Sep 20, 2018

Also try: Groups of Five
Challenge
Share
Tweet
Score 0/21 Timer 03:00
4 Plays Today
% Correct
Gold
94.3%
Kentucky Derby
88.5%
Frankincense
88.4%
Belgium
87.1%
Home runs
87%
Plácido Domingo
86.7%
Stop
84.9%
Veni
83.8%
Ego
82.4%
Endomorph
81.9%
Straw
79.4%
% Correct
Athos
75.3%
Anne
71.5%
Chris
63%
Pretoria
60.5%
Identity
59.3%
Goal
54.6%
Yakko
51.5%
Caspar
50.3%
Ned Nederlander
39.2%
Malleus
36.7%

You're not logged in!

Compare scores with friends on all Sporcle quizzes.
Join for Free
OR
Log In

You Might Also Like...

Show Comments

Extras

Top Quizzes Today


Score Distribution

Your Account Isn't Verified!

In order to create a playlist on Sporcle, you need to verify the email address you used during registration. Go to your Sporcle Settings to finish the process.

Report this User

Report this user for behavior that violates our Community Guidelines.

Details: